Automata studies /
Guardado en:
| Otros Autores: | , |
|---|---|
| Formato: | Libro |
| Idioma: | English |
| Publicado: |
Princeton, N. J. :
Princeton University Press,
1956.
|
| Series: | Annals of mathematics studies ;
no. 34 |
| Etiquetas: |
Agregar Etiqueta
Sin Etiquetas, Sea el primero en etiquetar este registro!
|
| LEADER | 00591nam a22001695a 4500 | ||
|---|---|---|---|
| 001 | MAT.inmabb000458 | ||
| 008 | 031209s1956####nju###########001#0#eng#d | ||
| 005 | 20160426111425.0 | ||
| 245 | 0 | 0 | |a Automata studies / |c edited by C. E. Shannon and J. McCarthy. |
| 260 | |a Princeton, N. J. : |b Princeton University Press, |c 1956. | ||
| 300 | |a viii, 285 p. ; |c cm. | ||
| 440 | 0 | |a Annals of mathematics studies ; |v no. 34 | |
| 700 | 1 | |a Shannon, Claude Elwood, |d 1916- |4 edt | |
| 700 | 1 | |a McCarthy, John, |d 1927- |4 edt | |
| 084 | |a 68Q05 (68-06) |2 msc2000 | ||
| 010 | |a 56007637 | ||
| 859 | |h 68 |i Au939 |p A-223 |b BIB. MATEMATICA | ||
